Catalog

Record Details

Catalog Search



Knights and castles #2/ by Will Osborne and Mary ... Read More

Osborne, Will.(Author).
Osborne, Mary Pope.(Added Author). Murdocca, Sal.(Added Author).

Available copies

  • 2 of 2 copies available at LARL/NWRL Consortium.

Current holds

0 current holds with 2 total copies.

Show All Copies
Location Call Number / Copy Notes Barcode Shelving Location Status Due Date
Karlstad LINK Site j 940.1 OSB (Text) 35500004720007 Main Available -
Warroad Public Library j 940.1 OSB (Text) 35500003994843 Main Available -

Record details

  • ISBN: 037590297X (lib. bdg. : alk. paper)
  • ISBN: 0375802975 (pbk. : alk. paper)
  • Physical Description: 119 p. : ill. ; 20 cm.
  • Publisher: New York : Random House, 2000.

Content descriptions

General Note:
"A Stepping Stone book."
Summary, etc.:
Jack and Annie look at knights, armor, and life in ... Read More
Subject: Knights and knighthood > Europe > Juvenile literature.
Castles > Europe > Juvenile literature.
Civilization, Medieval > Juvenile literature.
Knights and knighthood
Castles.
Civilization, Medieval
LDR 01616cam a22003978a 4500
00138334
003LARL_NWRL_CONSORTIUM
00519991202165413.0
008990928s2000 nyu j 000 0 eng
020 . ‡a037590297X (lib. bdg. : alk. paper)
020 . ‡a0375802975 (pbk. : alk. paper)
035 . ‡a(OCoLC)42682922
03500. ‡ilcmarc/AYD-9259/KRLTECH
042 . ‡alcac
043 . ‡ae------
08200. ‡a940.1 ‡221
1001 . ‡aOsborne, Will. ‡0(LARL_NWRL_CONSORTIUM)95253
24510. ‡aKnights and castles ‡n#2/ ‡cby Will Osborne and Mary Pope Osborne ; illustrated by Sal Murdocca.
260 . ‡aNew York : ‡bRandom House, ‡c2000.
300 . ‡a119 p. : ‡bill. ; ‡c20 cm.
4900 . ‡aMagic tree house research guide ; ‡v2
500 . ‡a"A Stepping Stone book."
520 . ‡aJack and Annie look at knights, armor, and life in a castle.
650 0. ‡aKnights and knighthood ‡zEurope ‡vJuvenile literature.
650 0. ‡aCastles ‡zEurope ‡vJuvenile literature.
650 0. ‡aCivilization, Medieval ‡vJuvenile literature. ‡0(LARL_NWRL_CONSORTIUM)164099
650 1. ‡aKnights and knighthood ‡0(LARL_NWRL_CONSORTIUM)24080
650 1. ‡aCastles. ‡0(LARL_NWRL_CONSORTIUM)15951
650 1. ‡aCivilization, Medieval ‡0(LARL_NWRL_CONSORTIUM)16911
7001 . ‡aOsborne, Mary Pope. ‡0(LARL_NWRL_CONSORTIUM)153313
7001 . ‡aMurdocca, Sal. ‡0(LARL_NWRL_CONSORTIUM)56631
901 . ‡a38334 ‡bOCLC ‡c38334 ‡tbiblio

Additional Resources